000 00441nam a2200169Ia 4500
005 20250923144504.0
008 008 250917s9999 xx 000 0 eng d
037 _aTextual
040 _aDSWL
_beng
_cDSWL
041 _aeng
_2eng
084 _qDSWL
245 0 _a part-II A tables, Bihar
_cby Census of India 1978
260 _aPatna
_bGovt Printing Patna
_c1953
490 _vVol-V
942 _cTEXL
999 _c1439544
_d1439544